[Event "Mercredi 2019.09.04 ABCD"]
[Site "Montreal CAN"]
[Date "2019.09.18"]
[Round "3"]
[White "Tsukerman, Julia"]
[Black "Brassard, Sylvain"]
[Result "1/2-1/2"]
[WhiteElo "1800"]
[BlackElo "1758"]
[PlyCount "113"]
[EventDate "2019.09.04"]
[EventType "tourn"]
[EventRounds "5"]
[EventCountry "CAN"]

1. e4 Nf6 2. e5 Nd5 3. c4 Nb6 4. d4 d6 5. exd6 exd6 6. Nf3 Bg4 7. b3 Be7 8. Be2
O-O 9. O-O Nc6 10. Bb2 Bf6 11. Na3 Re8 12. Nc2 Nd7 13. Ne3 Bh5 14. Nd5 Nc5 15.
Nxf6+ Qxf6 16. Rb1 Nd7 17. d5 Nce5 18. Nxe5 Bxe2 19. Qxe2 dxe5 20. Qg4 Qe7 21.
Rfe1 f6 22. Re3 g6 23. Rbe1 f5 24. Qd1 e4 25. Qd4 Qe5 26. f3 Qxd4 27. Bxd4 Ne5
28. fxe4 f4 29. R3e2 f3 30. Rd2 fxg2 31. Kxg2 Re7 32. c5 Rf8 33. Bxe5 Rxe5 34.
b4 Rf7 35. d6 cxd6 36. cxd6 Rd7 37. Rc1 Kf7 38. Rc7 Ke6 39. Rxd7 Kxd7 40. Kf3
Re6 41. Kf4 Rxd6 42. Rxd6+ Kxd6 43. Kg5 Ke5 44. Kh6 Kxe4 45. Kxh7 Kf5 46. h4
Kf6 47. Kh6 Kf5 48. Kg7 g5 49. hxg5 Kxg5 50. Kf7 Kf5 51. Ke7 Ke5 52. Kd7 Kd5
53. Kc7 b5 54. Kb7 Kc4 55. Kxa7 Kxb4 56. Kb6 Ka4 57. a3 1/2-1/2

[Event "Mercredi 2019.09.04 ABCD"]
[Site "Montreal CAN"]
[Date "2019.09.25"]
[Round "4"]
[White "Baran, Marius"]
[Black "Giurgiev, Silvius"]
[Result "0-1"]
[WhiteElo "1815"]
[BlackElo "1774"]
[PlyCount "102"]
[EventDate "2019.09.04"]
[EventType "tourn"]
[EventRounds "5"]
[EventCountry "CAN"]

1. e4 c6 2. Nf3 d6 3. d4 Bg4 4. Be2 Nd7 5. O-O e6 6. c4 g6 7. Nc3 Bg7 8. Be3
Ne7 9. Ng5 Bxe2 10. Qxe2 h6 11. Nf3 O-O 12. Rfd1 f5 13. exf5 Nxf5 14. Rd3 Re8
15. Qd2 Nxe3 16. Rxe3 d5 17. Rae1 dxc4 18. Rxe6 Rxe6 19. Rxe6 Nf8 20. Re4 Qf6
21. Qe2 b5 22. d5 b4 23. Qxc4 bxc3 24. dxc6+ Qf7 25. bxc3 Qxc4 26. Rxc4 Ne6 27.
Nd4 Nc7 28. Rb4 a6 29. Rb7 Rc8 30. g3 Kf8 31. Kf1 Ke7 32. Ke2 Kd6 33. a4 Bxd4
34. cxd4 Kxc6 35. Rb2 Nd5 36. Rc2+ Kd7 37. Rxc8 Kxc8 38. Kd3 Kd7 39. Kc4 Kd6
40. a5 Nf6 41. f4 Nd5 42. h3 h5 43. Kd3 Nb4+ 44. Ke4 Nc6 45. g4 h4 46. f5 gxf5+
47. gxf5 Nxa5 48. d5 Nb7 49. f6 Nd8 50. Kd4 Nf7 51. Kc4 Ng5 0-1

[Event "Mercredi 2019.09.04 ABCD"]
[Site "Montreal CAN"]
[Date "2019.09.25"]
[Round "4"]
[White "Bouchard, Jean-Marc"]
[Black "Gadbois, Patrick"]
[Result "0-1"]
[WhiteElo "1875"]
[BlackElo "1885"]
[PlyCount "72"]
[EventDate "2019.09.04"]
[EventType "tourn"]
[EventRounds "5"]
[EventCountry "CAN"]

1. e4 e6 2. d4 d5 3. Nc3 Nf6 4. Bg5 Be7 5. e5 Nfd7 6. h4 a6 7. Qg4 Bxg5 8. hxg5
c5 9. g6 f5 10. exf6 Nxf6 11. Qf4 h6 12. dxc5 Nc6 13. Nf3 e5 14. Qd2 d4 15.
O-O-O dxc3 16. Qxc3 Qe7 17. Bc4 Be6 18. Ng5 Nd5 19. Qg3 O-O-O 20. Ne4 Nf4 21.
Bxe6+ Qxe6 22. Kb1 Qxg6 23. Rde1 Qxg3 24. fxg3 Ne6 25. Nd6+ Kc7 26. Nf7 Nxc5
27. a3 Rhf8 28. Nxd8 Rxd8 29. Rhf1 a5 30. b4 axb4 31. axb4 Nxb4 32. Rxe5 b6 33.
Re7+ Kc6 34. Rxg7 Rd2 35. c4 Ncd3 36. Rf6+ Kc5 0-1

[Event "Mercredi 2019.09.04 ABCD"]
[Site "Montreal CAN"]
[Date "2019.09.25"]
[Round "4"]
[White "Brassard, Sylvain"]
[Black "Hernandez, Juan Felipe"]
[Result "1-0"]
[WhiteElo "1758"]
[BlackElo "1759"]
[PlyCount "39"]
[EventDate "2019.09.04"]
[EventType "tourn"]
[EventRounds "5"]
[EventCountry "CAN"]

1. Nf3 d5 2. b3 Nf6 3. Bb2 c5 4. e3 Nc6 5. Bb5 g6 6. Bxc6+ bxc6 7. Ne5 Qc7 8.
O-O e6 9. d3 Bd6 10. f4 a5 11. a4 Ba6 12. Nd2 Qb6 13. Rf3 c4 14. dxc4 Ne4 15.
Nxe4 Bxe5 16. Bxe5 dxe4 17. Rg3 Rd8 18. Qe1 f6 19. Bc3 Kf7 20. Bxa5 1-0

[Event "Mercredi 2019.09.04 ABCD"]
[Site "Montreal CAN"]
[Date "2019.09.25"]
[Round "4"]
[White "Dumouchel, Alain"]
[Black "Gates, Claude-Eric"]
[Result "1/2-1/2"]
[WhiteElo "1835"]
[BlackElo "1841"]
[PlyCount "83"]
[EventDate "2019.09.04"]
[EventType "tourn"]
[EventRounds "5"]
[EventCountry "CAN"]

1. d4 Nf6 2. Bg5 c5 3. d5 Qb6 4. Bc1 g6 5. Nc3 d6 6. Nf3 Bg7 7. g3 O-O 8. Bg2
Bg4 9. O-O Na6 10. Nd2 Qd8 11. h3 Bd7 12. e4 b5 13. f4 Rb8 14. Ne2 Nc7 15. Kh2
a5 16. Rb1 Qc8 17. Qe1 e6 18. c4 exd5 19. cxd5 Re8 20. Qf2 Re7 21. e5 Nfe8 22.
Ne4 Qa6 23. exd6 Nxd6 24. Nxc5 Qc8 25. g4 Na6 26. Nd3 Qc4 27. Ne5 Bxe5 28. fxe5
Rxe5 29. Nd4 Rxd5 30. Bxd5 Qxd5 31. Bf4 Ne4 32. Qg1 Rd8 33. Nb3 a4 34. Rbd1 Qa8
35. Nd2 Nac5 36. Nf3 Be6 37. Rxd8+ Qxd8 38. Qd4 Qxd4 39. Nxd4 Bxa2 40. Nf3 Nd3
41. Bh6 f6 42. g5 1/2-1/2

[Event "Mercredi 2019.09.04 ABCD"]
[Site "Montreal CAN"]
[Date "2019.09.25"]
[Round "4"]
[White "Guipi Bopala, Prince Eric jr"]
[Black "Templonuevo, Mark Geryl"]
[Result "1-0"]
[WhiteElo "1872"]
[BlackElo "1843"]
[PlyCount "49"]
[EventDate "2019.09.04"]
[EventType "tourn"]
[EventRounds "5"]
[EventCountry "CAN"]

1. d4 d5 2. c4 c6 3. Nc3 Nf6 4. Nf3 e6 5. g3 dxc4 6. Ne5 b5 7. Bg2 Nd5 8. a4 f6
9. e4 Nxc3 10. Qh5+ g6 11. Nxg6 hxg6 12. Qxh8 Qxd4 13. Be3 Qd3 14. bxc3 Qxc3+
15. Ke2 Qb2+ 16. Kf3 Nd7 17. Bh3 Bb7 18. Bxe6 Ne5+ 19. Kg2 Nd3 20. Qh7 Ne5 21.
Bf4 Bc5 22. Bxe5 Qxf2+ 23. Kh3 fxe5 24. Qd7+ Kf8 25. Rhf1 1-0

[Event "Mercredi 2019.09.04 ABCD"]
[Site "Montreal CAN"]
[Date "2019.09.25"]
[Round "4"]
[White "Lewicki, Philip"]
[Black "Beaulieu, Pierre"]
[Result "0-1"]
[WhiteElo "1871"]
[BlackElo "1857"]
[PlyCount "132"]
[EventDate "2019.09.04"]
[EventType "tourn"]
[EventRounds "5"]
[EventCountry "CAN"]

1. d4 Nf6 2. Nf3 g6 3. g3 Bg7 4. Bg2 d6 5. c4 O-O 6. O-O c6 7. Nc3 Nbd7 8. e4
e5 9. d5 Qc7 10. Nh4 Nb6 11. Qe2 Bd7 12. h3 cxd5 13. cxd5 Nh5 14. Be3 Nc4 15.
Rac1 Nxe3 16. Qxe3 Qb6 17. Qxb6 axb6 18. Kh2 Bh6 19. Rcd1 Rfc8 20. Bf3 Ng7 21.
Be2 Rc5 22. Ng2 f5 23. f4 Re8 24. Ne3 exf4 25. gxf4 Rxc3 26. bxc3 Rxe4 27. Rf3
Bxf4+ 28. Rxf4 Rxf4 29. Kg3 Ra4 30. Nc4 Rxa2 31. Bf1 Rc2 32. Nxb6 Rxc3+ 33. Rd3
Rc7 34. Ra3 Kf7 35. Nc4 Ne8 36. Rc3 Kf6 37. Rb3 g5 38. Rb6 f4+ 39. Kg2 Ke7 40.
Bd3 h5 41. Kh2 g4 42. hxg4 hxg4 43. Kg2 Kf6 44. Kf2 Kg5 45. Nd2 Bf5 46. Bc4 Rh7
47. Kg2 Re7 48. Rb3 Nf6 49. Rb6 Ne4 50. Nb3 f3+ 51. Kg1 Kf4 52. Bd3 Ng3 53.
Rb4+ Kg5 54. Kf2 Nh1+ 55. Kg1 Re1+ 56. Bf1 Ng3 57. Kf2 Nxf1 58. Kxe1 Nh2 59.
Nd2 g3 60. Rxb7 Kf4 61. Rb4+ Ke3 62. Rb3+ Bd3 63. Rb8 f2+ 64. Kd1 g2 65. Rd8
Kd4 66. Nb3+ Kxd5 0-1

[Event "Mercredi 2019.09.04 ABCD"]
[Site "Montreal CAN"]
[Date "2019.09.25"]
[Round "4"]
[White "Lopez Linares, Lizandro"]
[Black "Toenz, Antoine"]
[Result "1-0"]
[WhiteElo "2196"]
[BlackElo "2030"]
[PlyCount "73"]
[EventDate "2019.09.04"]
[EventType "tourn"]
[EventRounds "5"]
[EventCountry "CAN"]

1. d4 d5 2. Nf3 Nf6 3. c4 c6 4. Nc3 e6 5. Bg5 Be7 6. e3 O-O 7. Rc1 Ne4 8. Bf4
Nd7 9. h3 f5 10. Bd3 Ndf6 11. O-O b6 12. cxd5 exd5 13. Ne5 c5 14. dxc5 Nxc3 15.
Rxc3 bxc5 16. Qc2 Qb6 17. b3 Be6 18. Rc1 Rac8 19. g4 fxg4 20. hxg4 d4 21. exd4
cxd4 22. Rc6 Rxc6 23. Nxc6 Ba3 24. Re1 Bxg4 25. Qc4+ Kh8 26. b4 Rc8 27. b5 Bd7
28. Qa4 Bxc6 29. bxc6 Qb4 30. Qxb4 Bxb4 31. Re6 Nd5 32. Be5 Bf8 33. Ba6 d3 34.
Kf1 d2 35. Ke2 Rd8 36. Kd1 Nb4 37. c7 1-0

[Event "Mercredi 2019.09.04 ABCD"]
[Site "Montreal CAN"]
[Date "2019.09.25"]
[Round "4"]
[White "Nunez, Omar"]
[Black "Kapush, Oleksandr"]
[Result "1/2-1/2"]
[WhiteElo "1951"]
[BlackElo "1941"]
[PlyCount "30"]
[EventDate "2019.09.04"]
[EventType "tourn"]
[EventRounds "5"]
[EventCountry "CAN"]

1. e4 Nf6 2. Nc3 d6 3. g3 c5 4. Bg2 g6 5. Nge2 Bg7 6. d3 Nc6 7. O-O O-O 8. h3
Rb8 9. Be3 b5 10. d4 cxd4 11. Nxd4 Nxd4 12. Bxd4 a5 13. e5 Ne8 14. exd6 Nxd6
15. Bxg7 Kxg7 1/2-1/2

[Event "Mercredi 2019.09.04 ABCD"]
[Site "Montreal CAN"]
[Date "2019.09.25"]
[Round "4"]
[White "Nunez-Painchaud, Raphael"]
[Black "Nesterov, Timour"]
[Result "1-0"]
[WhiteElo "2034"]
[BlackElo "1893"]
[PlyCount "157"]
[EventDate "2019.09.04"]
[EventType "tourn"]
[EventRounds "5"]
[EventCountry "CAN"]

1. e4 e6 2. d4 d5 3. Nd2 dxe4 4. Nxe4 Nd7 5. Bd3 Ngf6 6. Nf3 Nxe4 7. Bxe4 Nf6
8. Bd3 Be7 9. O-O O-O 10. Qe2 b6 11. Bg5 Bb7 12. Rad1 h6 13. Bh4 Qd5 14. Bxf6
Bxf6 15. c4 Qh5 16. Be4 Bxe4 17. Qxe4 c5 18. d5 exd5 19. Rxd5 Qg6 20. Qxg6 fxg6
21. b3 Rad8 22. Rfd1 Rxd5 23. Rxd5 Rf7 24. Kf1 Re7 25. a4 Bc3 26. Rd3 Bf6 27.
Nd2 Kf7 28. Rf3 g5 29. g4 Kg6 30. Re3 Rd7 31. Ke2 Bd4 32. Re4 Bc3 33. Nf1 Kf7
34. h3 g6 35. Re3 Bd4 36. Rf3+ Kg7 37. Ng3 Re7+ 38. Kd2 Rd7 39. Kc2 Re7 40. Kd3
Re1 41. Ne4 Rb1 42. Ke2 Rb2+ 43. Kf1 Be5 44. Rd3 Bd4 45. Rf3 Be5 46. Kg2 Re2
47. Re3 Rxe3 48. fxe3 Kf7 49. Kf3 Ke6 50. Nf2 Bc3 51. Ke4 Ba1 52. Nd3 Bc3 53.
Kf3 Kd6 54. Kg3 Ke6 55. Kf2 Kd6 56. Ke2 Ke6 57. Kd1 Kd6 58. Kc2 Ba1 59. Ne1 Ke5
60. Kd3 Ke6 61. Nc2 Bb2 62. Ke4 Bc3 63. Na3 Be5 64. Nb5 a6 65. Na7 Bb8 66. Nc6
Bc7 67. b4 cxb4 68. Nxb4 a5 69. Nd5 Bd8 70. Kd4 Kd6 71. e4 Kc6 72. Ke5 Kc5 73.
Ke6 Kc6 74. e5 h5 75. Kf7 Kc5 76. e6 Kxc4 77. Nxb6+ Kc5 78. Ke8 Bf6 79. Nd7+
1-0

[Event "Mercredi 2019.09.04 ABCD"]
[Site "Montreal CAN"]
[Date "2019.09.25"]
[Round "4"]
[White "Pomerantz, Daniel"]
[Black "Abdelaal, Ibrahim"]
[Result "1-0"]
[WhiteElo "2158"]
[BlackElo "2045"]
[PlyCount "59"]
[EventDate "2019.09.04"]
[EventType "tourn"]
[EventRounds "5"]
[EventCountry "CAN"]

1. e4 d5 2. exd5 Nf6 3. Bb5+ Bd7 4. Be2 Nxd5 5. d4 c5 6. c4 Nf6 7. d5 e6 8.
dxe6 fxe6 9. Nf3 Nc6 10. Bf4 Be7 11. O-O O-O 12. Nc3 Nh5 13. Bd6 Nf4 14. Qd2
Nxe2+ 15. Nxe2 Rxf3 16. Bxe7 Qxe7 17. gxf3 Ne5 18. Qf4 Ng6 19. Qg3 Rf8 20. f4
e5 21. fxe5 Nxe5 22. f4 Rf6 23. fxe5 Rg6 24. Rae1 Qxe5 25. Nf4 Rxg3+ 26. hxg3
Qd4+ 27. Rf2 Qxc4 28. Rd1 g5 29. Nh5 Be8 30. Rd8 1-0

[Event "Mercredi 2019.09.04 ABCD"]
[Site "Montreal CAN"]
[Date "2019.09.25"]
[Round "4"]
[White "Rodrigue-Lemieux, Shawn"]
[Black "Tremblay, Alain"]
[Result "1-0"]
[WhiteElo "2375"]
[BlackElo "2075"]
[PlyCount "61"]
[EventDate "2019.09.04"]
[EventType "tourn"]
[EventRounds "5"]
[EventCountry "CAN"]

1. e4 e6 2. d4 d5 3. Nd2 dxe4 4. Nxe4 Nd7 5. Nf3 Ngf6 6. Nxf6+ Nxf6 7. Bd3 c5
8. dxc5 Bxc5 9. O-O O-O 10. Qe2 Bd7 11. Bg5 Bc6 12. Rad1 Qc7 13. Ne5 Be7 14.
Rfe1 Rad8 15. c4 a5 16. Qe3 Nh5 17. Nxc6 bxc6 18. Bxe7 Qxe7 19. Qe4 g6 20. Qxc6
Qb4 21. Qb5 Qe7 22. Qxa5 Ra8 23. Qc3 Rxa2 24. Bb1 Ra4 25. Bc2 Rb4 26. c5 Qh4
27. b3 Rbb8 28. Re4 Qg5 29. g3 Rfc8 30. Re5 Qg4 31. Rd4 1-0

[Event "Mercredi 2019.09.04 ABCD"]
[Site "Montreal CAN"]
[Date "2019.09.25"]
[Round "4"]
[White "Tsukerman, Julia"]
[Black "Audet, Eric"]
[Result "1-0"]
[WhiteElo "1800"]
[BlackElo "1794"]
[PlyCount "61"]
[EventDate "2019.09.04"]
[EventType "tourn"]
[EventRounds "5"]
[EventCountry "CAN"]

1. e4 c6 2. d4 d5 3. exd5 cxd5 4. Bd3 Nc6 5. c3 Qc7 6. h3 g6 7. Nf3 Bg7 8. O-O
Nf6 9. Re1 O-O 10. Nbd2 Re8 11. Ne5 Nh5 12. Ndf3 f5 13. Qb3 Qd6 14. Nxc6 bxc6
15. Ne5 a6 16. Qb6 Bd7 17. Nxd7 Qxd7 18. Qb3 e5 19. dxe5 Bxe5 20. Be3 Rab8 21.
Qc2 d4 22. Bxd4 Bxd4 23. Rxe8+ Rxe8 24. cxd4 Nf4 25. Bxa6 Qxd4 26. Qc4+ Qxc4
27. Bxc4+ Kg7 28. Rd1 Re4 29. Bf1 Ne2+ 30. Kh2 f4 31. Re1 1-0

[Event "Mercredi 2019.09.04 ABCD"]
[Site "Montreal CAN"]
[Date "2019.10.02"]
[Round "5"]
[White "Audet, Eric"]
[Black "Brassard, Sylvain"]
[Result "1/2-1/2"]
[WhiteElo "1794"]
[BlackElo "1758"]
[PlyCount "122"]
[EventDate "2019.09.04"]
[EventType "tourn"]
[EventRounds "5"]
[EventCountry "CAN"]

1. e4 Nf6 2. e5 Nd5 3. d4 d6 4. c4 Nb6 5. exd6 exd6 6. Nc3 Nc6 7. Nf3 Bg4 8.
Be2 Be7 9. d5 Bxf3 10. Bxf3 Ne5 11. Be2 O-O 12. b3 Bf6 13. Bb2 Ng6 14. O-O Re8
15. Qc2 Nd7 16. Rfe1 Qe7 17. Kf1 a6 18. Bd3 Qf8 19. g3 Rxe1+ 20. Rxe1 Re8 21.
f4 Rxe1+ 22. Kxe1 Qe8+ 23. Qe2 Kf8 24. Nd1 Bxb2 25. Nxb2 Qxe2+ 26. Kxe2 Ne7 27.
g4 h6 28. Ke3 Nc5 29. Bc2 Ke8 30. h4 b6 31. h5 g6 32. hxg6 fxg6 33. Nd3 Nxd3
34. Bxd3 a5 35. Be4 Kf7 36. Kd4 h5 37. g5 Kg7 38. a3 Kf7 39. b4 axb4 40. axb4
Ke8 41. Bc2 Kf7 42. c5 bxc5+ 43. bxc5 dxc5+ 44. Kxc5 h4 45. Be4 Ke8 46. Kd4 h3
47. Ke3 Kd7 48. Kf2 Kd6 49. Kg3 h2 50. Kxh2 Nxd5 51. Kg3 Ne7 52. Kf3 Ke6 53.
Kg4 c5 54. Bd3 Kd5 55. f5 gxf5+ 56. Bxf5 Ke5 57. Bc2 c4 58. g6 Kf6 59. Kf3 Nd5
60. Ke4 Nb6 61. Kd4 Nd7 1/2-1/2

[Event "Mercredi 2019.09.04 ABCD"]
[Site "Montreal CAN"]
[Date "2019.10.02"]
[Round "5"]
[White "Beaulieu, Pierre"]
[Black "Dumouchel, Alain"]
[Result "1-0"]
[WhiteElo "1857"]
[BlackElo "1835"]
[PlyCount "89"]
[EventDate "2019.09.04"]
[EventType "tourn"]
[EventRounds "5"]
[EventCountry "CAN"]

1. Nf3 Nf6 2. g3 g6 3. b3 Bg7 4. Bb2 O-O 5. Bg2 d6 6. O-O Nc6 7. c4 e5 8. d3
Rb8 9. Nc3 a6 10. Nd2 Nd4 11. e3 Ne6 12. Qc2 Ne8 13. Rae1 f5 14. Nd1 Nf6 15. f4
Nh5 16. Bd5 c6 17. Bxe6+ Bxe6 18. Nf3 Qc7 19. Nf2 Rbe8 20. Nh3 c5 21. Rc1 Bd7
22. a3 Bc6 23. Rce1 Re7 24. b4 b6 25. b5 axb5 26. cxb5 Bb7 27. fxe5 dxe5 28. e4
Qd7 29. Nf2 Qxb5 30. Nd2 Qc6 31. Nc4 Ra8 32. Qb3 Re6 33. Nxe5 Bxe5 34. Bxe5 c4
35. Qb2 cxd3 36. g4 d2 37. Re3 Ra5 38. gxf5 Rexe5 39. Qb3+ Kg7 40. Ng4 Rxf5 41.
Qb2+ Kg8 42. Nh6+ Kf8 43. Qh8+ Ke7 44. exf5+ Kd7 45. Qe8+ 1-0

[Event "Mercredi 2019.09.04 ABCD"]
[Site "Montreal CAN"]
[Date "2019.10.02"]
[Round "5"]
[White "Gadbois, Patrick"]
[Black "Nunez-Painchaud, Raphael"]
[Result "0-1"]
[WhiteElo "1885"]
[BlackElo "2034"]
[PlyCount "70"]
[EventDate "2019.09.04"]
[EventType "tourn"]
[EventRounds "5"]
[EventCountry "CAN"]

1. d4 Nf6 2. e3 b6 3. Bd3 Bb7 4. Nf3 e6 5. O-O Be7 6. Nbd2 d5 7. Ne5 O-O 8. f4
Ne4 9. Qf3 f6 10. Ng4 f5 11. Ne5 Nd7 12. a4 Qe8 13. a5 Nxe5 14. fxe5 c5 15. c3
Bc6 16. Qe2 b5 17. Nxe4 fxe4 18. Rxf8+ Bxf8 19. Bc2 Rb8 20. Bd2 b4 21. Qg4 Bb5
22. cxb4 cxb4 23. Bb3 Rc8 24. h4 Rc7 25. h5 Kh8 26. Be1 g6 27. hxg6 Qxg6 28.
Qxg6 hxg6 29. Bh4 Bh6 30. Bf6+ Kg8 31. Re1 Rc1 32. Rxc1 Bxe3+ 33. Kh2 Bxc1 34.
Be7 Bxb2 35. Bxb4 Bxd4 0-1

[Event "Mercredi 2019.09.04 ABCD"]
[Site "Montreal CAN"]
[Date "2019.10.02"]
[Round "5"]
[White "Gates, Claude-Eric"]
[Black "Guipi Bopala, Prince Eric jr"]
[Result "1-0"]
[WhiteElo "1841"]
[BlackElo "1872"]
[PlyCount "161"]
[EventDate "2019.09.04"]
[EventType "tourn"]
[EventRounds "5"]
[EventCountry "CAN"]

1. d4 d5 2. Nf3 e6 3. c4 Be7 4. Nc3 Nf6 5. cxd5 exd5 6. Bg5 O-O 7. e3 c6 8. Qc2
Nbd7 9. Bd3 Re8 10. O-O Nf8 11. Rab1 Ng6 12. b4 Ne4 13. Bxe7 Qxe7 14. b5 f5 15.
bxc6 bxc6 16. Na4 Qd6 17. Rfc1 Bd7 18. Nc5 Nxc5 19. Qxc5 Qxc5 20. Rxc5 Rab8 21.
Rcc1 Rb6 22. Nd2 Reb8 23. Nb3 Ne7 24. g3 Kf7 25. h4 g6 26. Kf1 Ng8 27. Ke1 Ne7
28. Kd2 Ng8 29. Rc5 Ne7 30. Rbc1 Ke6 31. Ra5 Nc8 32. Be2 h5 33. Rac5 Ne7 34.
R5c3 Kd6 35. Bd3 Be8 36. Nc5 Rb2+ 37. R1c2 Rxc2+ 38. Kxc2 Bd7 39. Ra3 Nc8 40.
Kc3 Rb6 41. Ba6 Rb1 42. Bxc8 Bxc8 43. Rxa7 Rf1 44. Rg7 Rxf2 45. Rxg6+ Kc7 46.
a4 Kb6 47. Rg8 Ba6 48. a5+ Kb5 49. Rb8+ Kxa5 50. Ra8 Rf3 51. Rxa6+ Kb5 52. Kd2
Rxg3 53. Ra8 Rg4 54. Rf8 Rxh4 55. Rxf5 Kc4 56. Nd3 Rh2+ 57. Nf2 h4 58. Ke2 c5
59. dxc5 Kxc5 60. e4 Kd6 61. Rxd5+ Ke6 62. Rh5 Rg2 63. Rxh4 Rg3 64. Rh3 Rg5 65.
Ke3 Rg1 66. Rh6+ Ke7 67. Kd4 Ra1 68. Nd3 Ra4+ 69. Kd5 Ra5+ 70. Nc5 Ra1 71. Ke5
Rd1 72. Rh7+ Kd8 73. Ne6+ Ke8 74. Nc7+ Kd8 75. Ke6 Rg1 76. Nd5 Rg6+ 77. Nf6 Rg3
78. e5 Rd3 79. Rh8+ Kc7 80. Kf7 Re3 81. Nd5+ 1-0

[Event "Mercredi 2019.09.04 ABCD"]
[Site "Montreal CAN"]
[Date "2019.09.27"]
[Round "5"]
[White "Giurgiev, Silvius"]
[Black "Tsukerman, Julia"]
[Result "1/2-1/2"]
[WhiteElo "1774"]
[BlackElo "1800"]
[PlyCount "99"]
[EventDate "2019.09.04"]
[EventType "tourn"]
[EventRounds "5"]
[EventCountry "CAN"]

1. e4 c5 2. Nf3 d6 3. c3 Nf6 4. Bd3 e6 5. Bc2 b6 6. O-O Be7 7. d4 cxd4 8. Nxd4
O-O 9. Bg5 Bb7 10. Re1 a6 11. Nd2 Nbd7 12. N2b3 Qc7 13. a4 d5 14. Bxf6 Bxf6 15.
exd5 Bxd5 16. Be4 Bxe4 17. Rxe4 Ne5 18. Qe2 Ng6 19. Nf3 Rfd8 20. Qc4 Qxc4 21.
Rxc4 Rd6 22. Kf1 Rad8 23. Ke2 Ne5 24. Nxe5 Bxe5 25. g3 Kf8 26. Rc1 Ke7 27. Rc7+
R8d7 28. Rxd7+ Kxd7 29. Rd1 Rxd1 30. Kxd1 Kd6 31. Ke2 Kd5 32. Kd3 f5 33. f4 Bf6
34. Nd2 e5 35. fxe5 Bxe5 36. Nc4 Bc7 37. Ne3+ Ke5 38. Nc4+ Ke6 39. Nd2 f4 40.
g4 Kd5 41. Nf3 h6 42. Nd4 g6 43. h3 Bd6 44. b3 Be5 45. Nf3 Bf6 46. Ne1 Bh4 47.
Nf3 Bf2 48. Nh2 h5 49. gxh5 gxh5 50. Nf3 1/2-1/2

[Event "Mercredi 2019.09.04 ABCD"]
[Site "Montreal CAN"]
[Date "2019.10.02"]
[Round "5"]
[White "Hernandez, Juan Felipe"]
[Black "Baran, Marius"]
[Result "1/2-1/2"]
[WhiteElo "1759"]
[BlackElo "1815"]
[PlyCount "148"]
[EventDate "2019.09.04"]
[EventType "tourn"]
[EventRounds "5"]
[EventCountry "CAN"]

1. e4 d5 2. exd5 Nf6 3. Bb5+ Bd7 4. Nc3 Bxb5 5. Nxb5 Nxd5 6. Nf3 a6 7. Nbd4 e6
8. O-O Bd6 9. b3 O-O 10. Bb2 c5 11. Ne2 Nc6 12. d4 Qc7 13. c4 Nde7 14. Qc2 f6
15. Ng3 cxd4 16. Bxd4 e5 17. Bb2 Bc5 18. Ne4 b6 19. Rad1 Rad8 20. Rxd8 Rxd8 21.
Rd1 Nb4 22. Rxd8+ Qxd8 23. Qd2 Qxd2 24. Nfxd2 Bd4 25. Bxd4 exd4 26. a4 Kf7 27.
Kf1 Ke8 28. Ke2 Kd8 29. Nf3 Nec6 30. Kd2 Kd7 31. Ng3 g6 32. Ne2 d3 33. Nc1 Kd6
34. Nxd3 Nxd3 35. Kxd3 Kc5 36. Kc3 a5 37. Nd2 f5 38. Nf3 h5 39. h4 Kd6 40. Nd4
Nb4 41. f4 Na2+ 42. Kb2 Nb4 43. Nf3 Nd3+ 44. Kc3 Nxf4 45. Ne1 Ne2+ 46. Kd3 Ng3
47. Nc2 Kc5 48. Ke3 Ne4 49. Kf4 Kd6 50. b4 axb4 51. Nxb4 Nd2 52. Kg5 Nxc4 53.
Kxg6 Ke5 54. Kxh5 Ne3 55. Nd3+ Kf6 56. Nf4 Kg7 57. Kg5 Nc4 58. Kxf5 Nb2 59. g4
Nxa4 60. g5 b5 61. h5 b4 62. Ne6+ Kg8 63. Nd4 Nc5 64. Nc2 b3 65. Na3 b2 66. h6
Nd7 67. Kg6 Ne5+ 68. Kf5 Nf7 69. Kf6 Nxg5 70. Kxg5 Kh7 71. Nb1 Kh8 72. Kg6 Kg8
73. Nc3 Kh8 74. Nb1 Kg8 1/2-1/2

[Event "Mercredi 2019.09.04 ABCD"]
[Site "Montreal CAN"]
[Date "2019.10.02"]
[Round "5"]
[White "Kapush, Oleksandr"]
[Black "Bouchard, Jean-Marc"]
[Result "1-0"]
[WhiteElo "1941"]
[BlackElo "1875"]
[PlyCount "49"]
[EventDate "2019.09.04"]
[EventType "tourn"]
[EventRounds "5"]
[EventCountry "CAN"]

1. e4 e6 2. d3 d5 3. Nd2 Nf6 4. g3 b6 5. Bg2 Bb7 6. e5 Nfd7 7. Ngf3 c5 8. O-O
Nc6 9. Re1 Qc7 10. Qe2 Be7 11. Nf1 h5 12. h4 O-O-O 13. Bf4 Rdg8 14. Qd2 Nf8 15.
Qe2 Bd8 16. c3 Ng6 17. Bd2 Nge7 18. b4 Nf5 19. Ne3 Nce7 20. Nc2 Kb8 21. a4 c4
22. Na3 cxd3 23. Qxd3 a6 24. Rec1 Ka7 25. c4 1-0

[Event "Mercredi 2019.09.04 ABCD"]
[Site "Montreal CAN"]
[Date "2019.10.02"]
[Round "5"]
[White "Nesterov, Timour"]
[Black "Nunez, Omar"]
[Result "0-1"]
[WhiteElo "1893"]
[BlackElo "1951"]
[PlyCount "58"]
[EventDate "2019.09.04"]
[EventType "tourn"]
[EventRounds "5"]
[EventCountry "CAN"]

1. d4 f5 2. Nc3 Nf6 3. Bg5 g6 4. Qd2 Bg7 5. Bh6 Bxh6 6. Qxh6 c5 7. O-O-O cxd4
8. Rxd4 Nc6 9. Rd1 Qa5 10. Kb1 Ne5 11. Qd2 b6 12. Nf3 Bb7 13. Qf4 Neg4 14. Ng5
Rc8 15. f3 Nf2 16. Rd2 Nxh1 17. e4 Rxc3 18. bxc3 O-O 19. Bc4+ Kg7 20. e5 Nd5
21. Qd4 Nxc3+ 22. Kb2 Qb4+ 23. Bb3 Na4+ 24. Kc1 Qxd4 25. Rxd4 Nc5 26. Rd1 Nf2
27. Rd2 h6 28. Nf7 Nxb3+ 29. axb3 Rxf7 0-1

[Event "Mercredi 2019.09.04 ABCD"]
[Site "Montreal CAN"]
[Date "2019.10.02"]
[Round "5"]
[White "Templonuevo, Mark Geryl"]
[Black "Lewicki, Philip"]
[Result "1-0"]
[WhiteElo "1843"]
[BlackElo "1871"]
[PlyCount "107"]
[EventDate "2019.09.04"]
[EventType "tourn"]
[EventRounds "5"]
[EventCountry "CAN"]

1. c4 Nf6 2. d4 e6 3. g3 d5 4. Bg2 Be7 5. Nf3 O-O 6. O-O c6 7. Qc2 Nbd7 8. b3
Ne4 9. Ne1 f5 10. f3 Nef6 11. Nd3 Qe8 12. Bb2 Bd6 13. Ne5 Qh5 14. c5 Bc7 15. b4
g5 16. Nd2 Kg7 17. Nd3 Ng8 18. e4 f4 19. g4 Qg6 20. e5 Ne7 21. Qc3 h5 22. h3
Nb8 23. a4 Bd7 24. Rfb1 a5 25. Nb3 Qh7 26. Nxa5 Bxa5 27. bxa5 Na6 28. Bc1 Rab8
29. Nf2 Ng6 30. Bf1 Nc7 31. Rb6 Na8 32. Rb3 Kh8 33. Rab1 Bc8 34. a6 Nc7 35.
axb7 hxg4 36. bxc8=Q Rbxc8 37. Nxg4 Nh4 38. Bd2 Nf5 39. Be1 Ne8 40. Bf2 Neg7
41. Rb7 Qg6 42. a5 Nh5 43. Bd3 Nhg3 44. Nf6 Rxf6 45. exf6 Qh5 46. Bxg3 Qxf3 47.
Rh7+ Kg8 48. f7+ Kf8 49. Bf2 Ne3 50. Bf1 Qe4 51. Rh8+ Kxf7 52. Rb7+ Kf6 53.
Rh6+ Kf5 54. Bd3 1-0

[Event "Mercredi 2019.09.04 ABCD"]
[Site "Montreal CAN"]
[Date "2019.10.02"]
[Round "5"]
[White "Tremblay, Alain"]
[Black "Pomerantz, Daniel"]
[Result "0-1"]
[WhiteElo "2075"]
[BlackElo "2158"]
[PlyCount "144"]
[EventDate "2019.09.04"]
[EventType "tourn"]
[EventRounds "5"]
[EventCountry "CAN"]

1. Nf3 Nf6 2. c4 e6 3. e3 d5 4. b3 c5 5. Bb2 Nc6 6. Be2 Be7 7. O-O O-O 8. cxd5
exd5 9. d4 Re8 10. Nc3 Be6 11. Rc1 cxd4 12. Nxd4 Qd7 13. Na4 Nxd4 14. Qxd4 b6
15. Rfd1 Rad8 16. Rd2 Bf8 17. Rdc2 Rc8 18. Ba6 Rxc2 19. Rxc2 Bf5 20. Rc1 Qd6
21. h3 Qd7 22. Nc3 Bc5 23. Qf4 Bd6 24. Qh4 Qe6 25. Ne2 Be5 26. Bxe5 Qxe5 27.
Qd4 Qd6 28. Qf4 Qxf4 29. Nxf4 g5 30. Ne2 Re7 31. Nd4 Be6 32. Rc6 Kg7 33. Bd3
Ne4 34. Bxe4 dxe4 35. Kf1 Kf6 36. Ke2 Ke5 37. Kd2 h5 38. Kc3 Bd5 39. Rc8 Bb7
40. Rf8 Rc7+ 41. Kd2 Kf6 42. g3 Rc8 43. Rxc8 Bxc8 44. h4 gxh4 45. gxh4 Bd7 46.
Kc3 Ke5 47. Kb4 f6 48. Kc4 Be8 49. a3 a5 50. b4 axb4 51. Kxb4 Bd7 52. Kc4 Be8
53. Kb4 Bd7 54. Ne2 Kf5 55. Ng3+ Kg4 56. Nxe4 Kxh4 57. Nxf6 Bc6 58. Kc4 Kg5 59.
Nxh5 Kxh5 60. Kd4 Kg4 61. e4 Kf4 62. e5 Kf5 63. f4 Kxf4 64. e6 Kf5 65. e7 Ke6
66. e8=Q+ Bxe8 67. Kc4 Kd6 68. Kb4 Kc6 69. a4 Kb7 70. Ka3 Ka6 71. Kb4 Bd7 72.
a5 b5 0-1